| 000 -LEADER |
| fixed length control field |
00723nam a22002297a 4500 |
| 001 - CONTROL NUMBER |
| control field |
5007 |
| 003 - CONTROL NUMBER IDENTIFIER |
| control field |
BD-DhUAP |
| 005 - DATE AND TIME OF LATEST TRANSACTION |
| control field |
20200312150641.0 |
| 008 - FIXED-LENGTH DATA ELEMENTS--GENERAL INFORMATION |
| fixed length control field |
200312r19951993enka|||| |||| 001 0 eng d |
| 020 ## - INTERNATIONAL STANDARD BOOK NUMBER |
| International Standard Book Number |
0550325018 |
| 040 ## - CATALOGING SOURCE |
| Original cataloging agency |
BD-DhUAP |
| Language of cataloging |
Eng |
| Transcribing agency |
BD-DhUAP |
| Modifying agency |
BD-DhUAP |
| 082 ## - DEWEY DECIMAL CLASSIFICATION NUMBER |
| Edition number |
23 |
| Classification number |
428.1 EDM |
| 100 ## - MAIN ENTRY--PERSONAL NAME |
| Personal name |
Edmonds, William. |
| 245 ## - TITLE STATEMENT |
| Title |
Good spelling : |
| Remainder of title |
fun with english / |
| Statement of responsibility, etc. |
William Edmonds ; edited by Nicola Barber ; illustrated by Terry McKenna. |
| 260 ## - PUBLICATION, DISTRIBUTION, ETC. |
| Place of publication, distribution, etc. |
London : |
| Name of publisher, distributor, etc. |
Chambers, |
| Date of publication, distribution, etc. |
c1993 [1995]. |
| 300 ## - PHYSICAL DESCRIPTION |
| Extent |
32 pages : |
| Other physical details |
illustrations ; |
| Dimensions |
26 cm. |
| 500 ## - GENERAL NOTE |
| General note |
Includes index. |
| 650 ## - SUBJECT ADDED ENTRY--TOPICAL TERM |
| Topical term or geographic name entry element |
English language |
| General subdivision |
Orthography and spelling. |
| 700 ## - ADDED ENTRY--PERSONAL NAME |
| Personal name |
Barber, Nicola. |
| 700 ## - ADDED ENTRY--PERSONAL NAME |
| Personal name |
McKenna,Terry. |
| 942 ## - ADDED ENTRY ELEMENTS (KOHA) |
| Source of classification or shelving scheme |
|
| Koha item type |
Book |